MARC

LEADER 00000nam0a2200000 4500
001 14029
005 20231030185343.0
010 |a 3895070416 
035 |a (RuTPU)RU\TPU\book\14117 
035 |a BOOK00014185 
090 |a 14029 
100 |a 20011209d1994 m y0gery50 ba 
101 0 |a ger 
102 |a DE 
105 |a y j 000zy 
200 1 |a Die Schildburger  |e Marchen  |f L. Tieck 
210 |a Munchen  |c Karl-Heinz Ednet  |d 1994 
215 |a 282 p. 
225 1 |a Di Deutschen Klassiker 
610 1 |a немецкий язык 
610 1 |a учебные пособия 
610 1 |a хрестоматии 
610 1 |a книги для чтения 
610 1 |a художественная литература 
686 |a Ш143.24-923.8  |v LBC/SL-A  |2 rubbk 
700 1 |a Tieck  |b L.  |g Ludwig 
801 0 |a RU  |b 63413507  |c 20011209  |g PSBO 
801 2 |a RU  |b 63413507  |c 20110517  |g PSBO 
942 |c BK